LEADER 00876nam a2200253 i 4500 001 991001767679707536 008 030910s it 000 0 ita d 035 $ab12194219-39ule_inst 040 $aDip.to Fisica$beng 082 0 $a355.8 084 $aLC U800 084 $a53(023) 100 1 $aMaraldi, Ugo$0270569 245 10$aDal cannonissimo al raggio mortale /$cUgo Maraldi 260 $aMilano :$bBompiani,$c1939 300 $a318 p., [15] c. di tav. :$bill. ;$c20 cm 440 0$aAvventure del pensiero ;$v29 650 4$aWeapons$xHistory 907 $a.b12194219$b21-09-06$c10-09-03 912 $a991001767679707536 945 $aLE006 53(023) ADP$g1$i2006000090780$lle006$o-$pE0.72$q-$rl$s- $t0$u0$v0$w0$x0$y.i12563225$z10-09-03 996 $aDal cannonissimo al raggio mortale$9157086 997 $aUNISALENTO 998 $ale006$b - - $cm$da $e-$fita$git $h0$i0 LEADER 01110nam 2200397 450 001 9910826517203321 005 20230808204456.0 035 $a(CKB)4100000009151328 035 $a(MiAaPQ)EBC5882159 035 $a(Au-PeEL)EBL5882159 035 $a(OCoLC)953198735 035 $a(EXLCZ)994100000009151328 100 $a20190926d2016 uy 0 101 0 $aeng 135 $aurcnu|||||||| 181 $ctxt$2rdacontent 182 $cc$2rdamedia 183 $acr$2rdacarrier 200 10$aGetting ready for kindergarten /$fauthor, Jodene Smith 210 1$aHuntington Beach, California :$cShell Education,$d[2016] 210 4$dİ2016 215 $a1 online resource (128 pages) $cillustrations 225 0 $aSummer blast 311 $a1-4258-1550-2 311 $a1-4258-9782-7 606 $aKindergarten 615 0$aKindergarten. 676 $a372.218 700 $aSmith$b Jodene Lynn$01614399 801 0$bMiAaPQ 801 1$bMiAaPQ 801 2$bMiAaPQ 906 $aBOOK 912 $a9910826517203321 996 $aGetting ready for kindergarten$93944212 997 $aUNINA